|
|
|
|
| LEADER |
00000nam a2200000 a 4500 |
| 001 |
vtls001355232 |
| 003 |
SK-MaSNL |
| 005 |
20260302070957.0 |
| 008 |
240313s1860 xx 0 und |
| 035 |
|
|
|a SNK000308688
|
| 040 |
|
|
|a SNK
|b slo
|c SNK
|e AACR2
|
| 041 |
0 |
|
|a und
|
| 044 |
|
|
|a xx
|
| 100 |
1 |
|
|a Gulyás, Elek
|4 aut
|9 732092
|
| 245 |
1 |
|
|a Guzmics Izidór és Kazinczy Ferencz közti levelezés 1822-től 1831-ig
|
| 260 |
|
|
|a Esztergomban
|b [Horák]
|c 1860
|
| 300 |
|
|
|a 282 s.
|
| 958 |
|
|
|a ONDV
|
| 999 |
|
|
|c 1149967
|d 1151897
|
| 952 |
|
|
|t P60, <03>, [BOOK], {603}
|a SNK
|b SNK
|y PREZ
|7 0
|p 17A0180957
|o snkSC 26072
|0 0
|1 0
|4 0
|d 1999-02-16
|l 0
|r 2005-01-02 00:00:00
|w 2026-02-24
|